13 x 13 Tabela Mnożenia - Statystyki

Ogólne statystyki
  • Ten quiz został rozwiązany 783 razy
  • Średni wynik to 135 z 157
Statystyki odpowiedzi
# % Poprawnych
1
100%
2
100%
3
100%
4
100%
5
100%
6
100%
10
99%
12
99%
7
99%
8
99%
9
99%
14
98%
16
98%
11
97%
13
97%
15
97%
18
97%
20
97%
24
95%
30
95%
36
95%
21
94%
22
94%
40
93%
60
93%
26
92%
27
92%
33
92%
50
92%
28
91%
25
90%
35
90%
45
90%
32
89%
44
89%
55
89%
48
88%
70
87%
39
86%
66
85%
42
83%
77
83%
80
83%
72
82%
90
82%
100
81%
54
81%
49
80%
56
80%
88
79%
52
77%
65
77%
63
73%
99
73%
64
71%
110
70%
81
67%
120
66%
84
63%
78
62%
130
61%
121
56%
96
56%
91
51%
108
48%
144
47%
132
44%
104
39%
169
37%
143
36%
117
34%
156
27%
Nie znaleziono quizów pasujących do podanych kryteriów
Rozkład punktacji
Procent ludzi z każdym wynikiem
Percentyl według liczby udzielonych odpowiedzi
Twoja historia wyników
Nie rozwiązałeś tego quizu